000 00593nam a2200205Ia 4500
003 OSt
005 20230403154235.0
008 210423s2007 xx 000 0 und d
020 _a8130904578
040 _cAL
041 _aeng
082 _a809.935 BLOH
100 _aBLOOM (Harold),Ed.
_982776
245 _aViva modern critical interpretations Franz Kafkas metamorphosis.
260 _aNew Delhi
_bViva Books Pvt Ltd
_c2007
300 _avi,149
_bPB
365 _b99
_cINR
906 _acritical ; Franz ; interpretations ; Kafkas ; metamorphosis. ; modern ; Viva
942 _2ddc
_cBK
999 _c158037
_d158037